Analysis, synthesis and design of chemical processes

Αποθηκεύτηκε σε:
Λεπτομέρειες βιβλιογραφικής εγγραφής
Κύριοι συγγραφείς: Turton, Richard (Συγγραφέας), Bailie, Richard C (Συγγραφέας), Whiting, Wallace B (Συγγραφέας), Shaeiwitz, Joseph A (Συγγραφέας), Bhattacharyya, Debangsu (Συγγραφέας)
Μορφή: Βιβλίο
Γλώσσα:Αγγλικά
Έκδοση: Upper Saddle River, NJ., USA Prentice Hall 2012
Έκδοση:Fourth edition
Σειρά:Prentice Hall International Series in the Physical and Chemical Engineering Sciences
Θέματα:
Ετικέτες: Προσθήκη ετικέτας
Δεν υπάρχουν, Καταχωρήστε ετικέτα πρώτοι!

MARC

LEADER 00000cam a2200000 a 4500
001 UCC7770
003 CL-VaPUC
005 20240104124839.0
008 190505e20120000us |||||||||||||||||eng|d
999 |c 374319  |d 374317 
020 |a 9780132618120 
040 |c Pontificia Universidad Católica de Valparaíso 
082 0 4 |a 660.28 TUR 2012  |2 21 
100 0 |a Turton, Richard  |e author  |9 2 
245 1 0 |a Analysis, synthesis and design of chemical processes 
250 |a Fourth edition  
260 |a Upper Saddle River, NJ., USA   |b Prentice Hall  |c 2012 
300 |a 1007 páginas  
490 0 |a Prentice Hall International Series in the Physical and Chemical Engineering Sciences 
500 |a Incluye CD con material complementario 
583 |a last modification  |c 20190505 21:05:00  |k Rodrigo Vera 
650 0 |a Procesos químicos  |9 259436 
650 0 |a Análisis químico  |9 344456 
650 7 |a INGENIERIA QUIMICA  |2 CL-VaPUC  |9 8 
700 0 |a Bailie, Richard C  |e author  |9 3 
700 0 |a Whiting, Wallace B  |e author  |9 4 
700 0 |a Shaeiwitz, Joseph A  |e author  |9 5 
700 0 |a Bhattacharyya, Debangsu  |e author  |9 6 
852 |a BIBCUR 
942 |c BK  |2 ddc 
945 |d 20190505 21:05:00  |a dcastane 
952 |0 0  |1 0  |3 erd  |4 0  |6 660_280000000000000_TUR_2012  |7 0  |8 A  |9 492821  |a BIBING  |b BIBING  |d 2019-04-29  |e 1  |g 133562.00  |i 5545579  |o 660.28 TUR 2012  |p 5545579  |r 2025-01-20  |v 133562.00  |w 2019-11-24  |y BK  |z Catalogado en:20190505  |k EIB